|
|
|
|
| LEADER |
01083cam a22003251a 4500 |
| 001 |
000033269 |
| 003 |
9417 |
| 005 |
20240831092913.0 |
| 008 |
151016s2010 000 vie |
| 040 |
|
|
|a LNN
|
| 041 |
|
|
|a vie
|
| 082 |
|
|
|a 495.92302
|b TR-B
|
| 100 |
|
|
|a Trần Đình Ba
|
| 245 |
|
0 |
|a 52 câu nói nổi tiếng trong sử Việt /
|c Trần Đình Ba.
|
| 260 |
|
|
|a QĐND,
|c 2010.
|
| 300 |
|
|
|a 137tr. : mh ; 20cm.
|
| 650 |
|
|
|a Ngôn ngữ tiếng Việt
|
| 653 |
|
|
|a 2010, 52 câu nói, sử Việt, câu, lới nói, giao tiếp
|
| 852 |
|
|
|c Ngôn ngữ tiếng Việt 1
|
| OWN |
|
|
|a LNN
|
| AVA |
|
|
|a UDN50
|b LNN
|d 495.92302 TR-B
|e available
|t Error 5001 Not defined in file expand_doc_bib_avail.
|f 2
|g 0
|h N
|i 0
|
| 999 |
|
|
|a From the UDN01
|
| AVA |
|
|
|a UDN50
|b LNN
|d 495.92302 TR-B
|e available
|t Error 5001 Not defined in file expand_doc_bib_avail.
|f 2
|g 0
|h N
|i 0
|
| TYP |
|
|
|a Monograph
|
| 980 |
|
|
|a Mạng thư viện Đại học Đà Nẵng
|